| 000 | 00921nmc a2200301 a 4500 | ||
|---|---|---|---|
| 003 | AR-BaBNM | ||
| 005 | 20251128211028.0 | ||
| 008 | 232020s1997 ||||||||||||||000 | spa|| | ||
| 020 | _a950-839-060-3 | ||
| 040 | _cAR-BaBNM | ||
| 100 | 1 | _aLaborde de Russo, Ana María | |
| 245 | 1 | 0 | _aLa práctica del lenguaje |
| 260 |
_aBuenos Aires _bCincel _c1997 |
||
| 300 | _a119 p. | ||
| 490 | 0 |
_aBiblioteca esencial del profesor de lengua inglesa. Las etapas del proceso enseñanza-aprendizaje _vv. 2 |
|
| 504 | _aContiene referencias bibliográficas p. 119 | ||
| 650 | 4 | _aENSENANZA DE IDIOMAS | |
| 650 | 4 | _aINGLES | |
| 650 | 4 | _aTECNICAS DIDACTICAS | |
| 650 | 4 | _aROL DEL DOCENTE | |
| 650 | 4 | _aACTIVIDADES DE APRENDIZAJE | |
| 650 | 4 | _aPROCESO DE APRENDIZAJE | |
| 653 | _aEDUCACION GENERAL BASICA | ||
| 653 | _aESTRATEGIAS DIDACTICAS | ||
| 700 | 1 | _aLococo de Bahillo, Marcela | |
| 942 | _cBK | ||
| 998 | _craquel | ||
| 999 |
_c17959 _d17959 |
||